| 000 | 00381nam a2200145Ia 4500 | ||
|---|---|---|---|
| 008 | 231217s9999 xx 000 0 und d | ||
| 041 | _aEnglish | ||
| 082 | _a510.02462 RAM.1;14 | ||
| 100 | _aRamamurthy KQureshi, Arshad | ||
| 245 | 0 | _aElements of engineering mathematics V.1 | |
| 260 |
_c1997 _bSudha |
||
| 300 | _av+614 | ||
| 650 | _aEngineering mathematics 1 | ||
| 942 | _cAA | ||
| 999 |
_c164800 _d164800 |
||